000 00408nam a2200157Ia 4500
008 221030s9999 xx 000 0 und d
020 _a8121910536
041 _aEnglish
082 _a105.23
_bMeh
100 _aV. K. Mehta
245 0 _aPrinciples of Electrical Engineering & Electronics
_cby V. K. Mehta
260 _bS. Chand & Co.
_aNew Delhi
_c2001
300 _a721
650 _aECE & EE
942 _cBK
999 _c1415
_d1415